000 00732cab a2200265 4500
001 ABS47475
008 090401t1992 xxu||||| |||| 00| 0 eng d
035 _a(Sirsi) u62144
041 _aeng
100 _aMoor, N.
245 _aLand prices : it should be a good time to buy but it is it?
260 _c1992
350 _a0
490 _aHouse Builder
_vNovember 1992, 30-32(3)
520 _aAsks if land prices have fallen in line with house prices and profit margins and looks for trends.
650 _aHOUSE PRICES
650 _aHOUSE BUILDING
650 _aLAND PRICES
650 _aPROFIT MARGINS
650 _aSTERLING CRISIS
650 _aTURNOVER
690 _aLAND
942 _n0
948 _c04/03/1997
999 _c38603
_d38603